[Event "39th TCh-GRE"]
[Site "Eretria GRE"]
[Date "2011.07.03"]
[Round "1.1"]
[White "Halkias, Stelios"]
[Black "Aggelis, Nikolaos"]
[Result "1-0"]
[WhiteTitle "GM"]
[BlackTitle "FM"]
[WhiteElo "2600"]
[BlackElo "2294"]
[WhiteTeam "SS Peristeri"]
[BlackTeam "Kallithea CC"]
[WhiteFideId "4201809"]
[BlackFideId "4213220"]
[EventDate "2011.07.03"]

1. d4 Nf6 2. Nf3 g6 3. g3 Bg7 4. Bg2 d5 5. O-O O-O 6. c4 dxc4 7. Na3 Nc6 8. Nxc4
Be6 9. b3 Bd5 10. Bb2 a5 11. Ne3 Be4 12. a3 Nd5 13. Nc4 Nb6 14. e3 Ra6 15. Ncd2
Bd3 16. Re1 a4 17. Rc1 h6 18. b4 Ra8 19. Nb3 Bb5 20. Nc5 Nc4 21. Qc2 b6 22. Ne4
Nxb2 23. Qxb2 Na7 24. Nc3 Bc6 25. b5 Bb7 26. Nxa4 Nc8 27. Nc3 Nd6 28. a4 Ra7 29.
e4 Qa8 30. Qe2 c6 31. e5 Ne8 32. Nd2 cxb5 33. Bxb7 Qxb7 34. axb5 Nc7 35. Nc4 h5
36. Qe4 Qxe4 37. Rxe4 Bh6 38. Rb1 Rb8 39. Ree1 Rd8 40. Red1 Na8 41. Rb4 Rc7 42.
Na4 Bg7 43. Kf1 f6 44. e6 f5 45. d5 Rb7 46. Ke2 Nc7 47. Ncxb6 Rdb8 48. Rc1 Be5
49. Nd7 Nxd5 50. Rbc4 1-0

[Event "39th TCh-GRE"]
[Site "Eretria GRE"]
[Date "2011.07.03"]
[Round "1.1"]
[White "Gesos, Pavlos"]
[Black "Kotronias, Vasilios"]
[Result "0-1"]
[WhiteTitle "IM"]
[BlackTitle "GM"]
[WhiteElo "2331"]
[BlackElo "2588"]
[WhiteTeam "Kallithea CC"]
[BlackTeam "SS Peristeri"]
[WhiteFideId "4200055"]
[BlackFideId "5900212"]
[EventDate "2011.07.03"]

1. c4 g6 2. Nf3 Nf6 3. g3 Bg7 4. Bg2 O-O 5. O-O d6 6. d4 Nbd7 7. Nc3 e5 8. Qc2
exd4 9. Nxd4 Nb6 10. Qd3 Ng4 11. b3 Qf6 12. e3 c5 13. Nde2 Ne5 14. Qd1 Nf3+ 15.
Kh1 g5 16. e4 Bg4 17. Qd3 Nd7 18. Rb1 Nde5 19. Qe3 Qh6 20. h4 Qh5 21. Nd5 Rae8
22. Ng1 f5 23. exf5 gxh4 24. Nf4 Qxf5 25. Nxf3 Nxf3 26. Qd3 Qxd3 27. Nxd3 h3 0-1

[Event "39th TCh-GRE"]
[Site "Eretria GRE"]
[Date "2011.07.03"]
[Round "1.1"]
[White "Banikas, Hristos"]
[Black "Kourkoulos-Arditis, Stamatis"]
[Result "1-0"]
[WhiteTitle "GM"]
[WhiteElo "2593"]
[BlackElo "2123"]
[WhiteTeam "SS Peristeri"]
[BlackTeam "Kallithea CC"]
[WhiteFideId "4202031"]
[BlackFideId "4221990"]
[EventDate "2011.07.03"]

1. Nf3 Nf6 2. c4 e6 3. g3 d5 4. Bg2 dxc4 5. Qa4+ Nbd7 6. Qxc4 c5 7. Qc2 Be7 8.
Nc3 O-O 9. O-O Qc7 10. d4 cxd4 11. Nxd4 e5 12. Nf5 Bb4 13. Bd2 Nb6 14. a3 Bxc3
15. Qxc3 Qd8 16. Ne3 e4 17. Rfd1 Be6 18. a4 Rc8 19. Qa3 Qc7 20. a5 Nc4 21. Qb4
Nxd2 22. Rxd2 Rfd8 23. Rxd8+ Rxd8 24. Bxe4 Nxe4 25. Qxe4 Rd2 26. Qb4 Qd7 27. Kf1
Qc6 28. f3 Rd3 29. Rd1 Rxd1+ 30. Nxd1 Qc1 31. Ke1 Qc7 32. Qc3 Qd8 33. Nf2 b6 34.
axb6 Qxb6 35. g4 h6 36. h4 Qd8 37. h5 Qb6 38. Qe5 a5 39. Nd3 Qg1+ 40. Kd2 Bb3
41. Qb8+ 1-0

[Event "39th TCh-GRE"]
[Site "Eretria GRE"]
[Date "2011.07.03"]
[Round "1.1"]
[White "Stefanidi, Maria-Anna"]
[Black "Papadopoulou, Vera"]
[Result "0-1"]
[WhiteTitle "WFM"]
[BlackTitle "WIM"]
[WhiteElo "2055"]
[BlackElo "2210"]
[WhiteTeam "Kallithea CC"]
[BlackTeam "SS Peristeri"]
[WhiteFideId "4207750"]
[BlackFideId "4205472"]
[EventDate "2011.07.03"]

1. e4 d5 2. exd5 Qxd5 3. Nc3 Qd6 4. d4 Nf6 5. Nf3 c6 6. h3 g6 7. Bc4 Bg7 8. Bg5
Nbd7 9. Qd2 Nb6 10. Bb3 O-O 11. O-O-O a5 12. a4 Nbd5 13. Rhe1 Bf5 14. g4 Be6 15.
Ne5 Nxc3 16. Qxc3 Bxb3 17. Qxb3 b5 18. axb5 a4 19. Qc4 cxb5 20. Qxb5 a3 21. bxa3
Qxa3+ 22. Kd2 Qxh3 23. Re3 Qg2 24. Qe2 Rfd8 25. Nc6 Qxc6 0-1

[Event "39th TCh-GRE"]
[Site "Eretria GRE"]
[Date "2011.07.03"]
[Round "1.1"]
[White "Spirou, Marina"]
[Black "Tsouba, Maria"]
[Result "1/2-1/2"]
[WhiteElo "1897"]
[BlackElo "1512"]
[WhiteTeam "SS Peristeri"]
[BlackTeam "Kallithea CC"]
[WhiteFideId "4216989"]
[BlackFideId "4231643"]
[EventDate "2011.07.03"]

1. Nf3 Nf6 2. g3 g6 3. Bg2 Bg7 4. d3 d5 5. Nbd2 c5 6. O-O Nc6 7. c3 O-O 8. e4
dxe4 9. dxe4 e5 10. Qe2 Qc7 11. h3 Be6 12. Ng5 Bd7 13. Nb3 b6 14. Nf3 h6 15. Ne1
Rad8 16. Kh2 Be6 17. f4 exf4 18. gxf4 Nh5 19. e5 Nxe5 20. Qc2 Nc6 21. Be3 Ne7
22. Be4 Bf5 23. Nd2 Bxe4 24. Nxe4 Nf5 25. Bd2 Rfe8 26. Ng2 Nd6 27. Nxd6 Qxd6 28.
Rf2 Nf6 29. Be1 Ne4 30. Re2 Nf6 31. Rd2 Qc7 32. Rxd8 Rxd8 33. Rd1 Rxd1 34. Qxd1
Bf8 35. c4 Bd6 36. Qf3 Nh5 37. Bd2 Qd7 38. Bc3 Ng7 39. Qd5 Qc7 40. Qe4 Ne6 41.
Bd2 Nd4 42. Bc3 Ne6 43. Bd2 Nd4 44. Bc3 Ne6 1/2-1/2

[Event "39th TCh-GRE"]
[Site "Eretria GRE"]
[Date "2011.07.03"]
[Round "1.1"]
[White "Tsouba, Adamantia"]
[Black "Kokossis, Danae"]
[Result "0-1"]
[WhiteElo "1496"]
[BlackElo "1768"]
[WhiteTeam "Kallithea CC"]
[BlackTeam "SS Peristeri"]
[WhiteFideId "4236548"]
[BlackFideId "410128"]
[EventDate "2011.07.03"]

1. e4 e5 2. f4 d5 3. exd5 exf4 4. d3 Qxd5 5. Bxf4 Qd4 6. Qe2+ Be6 7. Be5 Qd7 8.
Bc3 Nc6 9. Nf3 O-O-O 10. Qf2 Kb8 11. Be2 Nf6 12. h3 Bb4 13. a3 Bd6 14. Nbd2 Nd5
15. Ne4 Nxc3 16. Nxc3 f5 17. O-O-O Ne7 18. Nd4 Bc5 19. Nc6+ Qxc6 20. Qg3 Bd4 21.
Bf3 Qa6 22. Ne2 Bf6 23. Rhe1 Qb6 24. b4 Qa6 25. c3 Qxa3+ 26. Kd2 Qb2+ 27. Ke3
f4+ 28. Qxf4 Nf5+ 29. Kf2 Bh4+ 30. g3 Bxg3+ 0-1

[Event "39th TCh-GRE"]
[Site "Eretria GRE"]
[Date "2011.07.03"]
[Round "1.1"]
[White "Bellos, Ioannis"]
[Black "Anagnostopoulos, Konstantinos"]
[Result "1/2-1/2"]
[WhiteElo "1944"]
[BlackElo "2038"]
[WhiteTeam "SS Peristeri"]
[BlackTeam "Kallithea CC"]
[WhiteFideId "4226445"]
[BlackFideId "4251067"]
[EventDate "2011.07.03"]

1. e4 e5 2. Nf3 Nc6 3. Bc4 Bc5 4. c3 Nf6 5. d3 d6 6. Bb3 Bb6 7. h3 O-O 8. Bg5
Qe7 9. O-O h6 10. Be3 Be6 11. Nbd2 Nd7 12. Re1 Qf6 13. Nf1 Bxe3 14. Nxe3 Ne7 15.
d4 Nb6 16. Bxe6 Qxe6 17. dxe5 dxe5 18. Qb3 Qxb3 19. axb3 f6 20. Red1 a6 21. Rd2
Rfd8 22. Rad1 Rxd2 23. Rxd2 Nc6 24. Nd5 Nxd5 25. Rxd5 Rd8 26. Rxd8+ Nxd8 27. b4
Ne6 28. g3 c5 29. Kf1 cxb4 30. cxb4 Kf7 31. Ke2 Ng5 32. Nxg5+ hxg5 33. Kd3 Ke6
34. Kc4 Kd6 35. b5 a5 36. b3 g6 37. g4 b6 38. b4 axb4 39. Kxb4 Ke6 40. Kc4 Kd6
41. Kb4 Ke6 42. Kc4 Kd6 1/2-1/2

[Event "39th TCh-GRE"]
[Site "Eretria GRE"]
[Date "2011.07.03"]
[Round "1.1"]
[White "Tsatsoulis, Periklis"]
[Black "Tsiros, Fragkiskos Vlasios"]
[Result "0-1"]
[WhiteElo "1454"]
[BlackElo "1730"]
[WhiteTeam "Kallithea CC"]
[BlackTeam "SS Peristeri"]
[WhiteFideId "4246853"]
[BlackFideId "4228200"]
[EventDate "2011.07.03"]

1. e4 c5 2. Nf3 d6 3. d4 cxd4 4. Nxd4 Nf6 5. Nc3 a6 6. Be3 e5 7. Nb3 Be6 8. Be2
Be7 9. O-O Nbd7 10. Qd2 O-O 11. Rfd1 Qc7 12. Rac1 b5 13. a3 Rac8 14. Bg5 Rfd8
15. Qe1 h6 16. Be3 Nb6 17. Bf3 Nc4 18. Rb1 Nxb2 19. Rxb2 Qxc3 20. Qxc3 Rxc3 21.
Bd2 Rcc8 22. Ba5 Rd7 23. Kf1 Rc4 24. Re1 g5 25. h3 h5 26. Bd1 h4 27. Bf3 Bd8 28.
Bd2 g4 29. hxg4 Bxg4 30. Bxg4 Nxg4 31. f3 Nf6 32. Bg5 Nxe4 33. Bxd8 Ng3+ 34. Kf2
Rxd8 35. Nd2 Rc3 36. Ra2 Rdc8 37. Rc1 d5 38. Nf1 Nxf1 39. Kxf1 d4 40. Ke2 Re3+
41. Kd2 Rcc3 42. Rca1 h3 43. gxh3 Rxf3 44. h4 Rf2+ 45. Kd1 Rh2 0-1

[Event "39th TCh-GRE"]
[Site "Eretria GRE"]
[Date "2011.07.03"]
[Round "1.2"]
[White "Hammer, Jon Ludvig"]
[Black "Papaioannou, Ioannis"]
[Result "0-1"]
[WhiteTitle "GM"]
[BlackTitle "GM"]
[WhiteElo "2610"]
[BlackElo "2592"]
[WhiteTeam "Culture Club Florinas"]
[BlackTeam "CC Kavala"]
[WhiteFideId "1503707"]
[BlackFideId "4201345"]
[EventDate "2011.07.03"]

1. d4 Nf6 2. c4 e6 3. Nc3 Bb4 4. f3 O-O 5. a3 Bxc3+ 6. bxc3 Nh5 7. Nh3 f5 8. Nf2
d6 9. e3 e5 10. Bd3 Nc6 11. Qc2 Bd7 12. Bd2 Kh8 13. d5 Ne7 14. g4 fxg4 15. fxg4
Nf6 16. Rg1 Qe8 17. Rg3 Ng6 18. Bf5 e4 19. O-O-O Ba4 20. Qb1 Bxd1 21. Nxd1 Ne5
22. Nb2 b5 23. Rh3 g6 24. Be6 bxc4 25. g5 Rb8 26. Qa2 Nfd7 27. Nxc4 Rf1+ 28. Kc2
Nc5 0-1

[Event "39th TCh-GRE"]
[Site "Eretria GRE"]
[Date "2011.07.03"]
[Round "1.2"]
[White "Antic, Dejan"]
[Black "Mastrovasilis, Athanasios"]
[Result "1-0"]
[WhiteTitle "GM"]
[BlackTitle "GM"]
[WhiteElo "2487"]
[BlackElo "2537"]
[WhiteTeam "CC Kavala"]
[BlackTeam "Culture Club Florinas"]
[WhiteFideId "901008"]
[BlackFideId "4201990"]
[EventDate "2011.07.03"]

1. d4 Nf6 2. c4 e6 3. Nf3 d5 4. g3 Bb4+ 5. Bd2 Bd6 6. Bg2 c6 7. Nc3 Nbd7 8. b3
O-O 9. O-O dxc4 10. bxc4 e5 11. e3 h6 12. Qc2 Bc7 13. Bc1 exd4 14. exd4 Nb6 15.
Nd1 Be6 16. Ne3 Ng4 17. Nxg4 Bxg4 18. Bb2 Qf6 19. d5 Qg6 20. Qb3 Rfd8 21. Rfe1
cxd5 22. cxd5 Rac8 23. Ne5 Bxe5 24. Bxe5 Nc4 25. h3 Nxe5 26. Rxe5 Bd7 27. Qxb7
Qb6 28. Qxb6 axb6 29. Rb1 b5 30. Rb2 Rc1+ 31. Kh2 Kf8 32. Re3 Rdc8 33. Ree2 Re8
34. Red2 Ree1 35. Bf3 Rb1 36. Rxb1 Rxb1 37. Bd1 Ke7 38. d6+ Kd8 39. Bb3 Be6 40.
Bxe6 fxe6 41. d7 b4 42. Kg2 b3 43. axb3 Rxb3 44. Rd6 Rb7 45. f4 Rxd7 46. Rxe6
Rd3 47. h4 g5 48. fxg5 hxg5 49. hxg5 Kd7 50. Re4 Rd5 51. g4 Rd3 52. g6 Rd6 53.
Kg3 Rxg6 54. Kf4 Rg8 55. Kf5 1-0

[Event "39th TCh-GRE"]
[Site "Eretria GRE"]
[Date "2011.07.03"]
[Round "1.2"]
[White "Markidis, Konstantinos"]
[Black "Skembris, Spyridon"]
[Result "0-1"]
[BlackTitle "GM"]
[WhiteElo "2330"]
[BlackElo "2475"]
[WhiteTeam "Culture Club Florinas"]
[BlackTeam "CC Kavala"]
[WhiteFideId "4203500"]
[BlackFideId "4200020"]
[EventDate "2011.07.03"]

1. e4 g6 2. d4 c6 3. Nf3 d5 4. Nc3 Bg7 5. h3 Nh6 6. Bd3 O-O 7. O-O f6 8. Ne2 Nf7
9. c4 dxe4 10. Bxe4 f5 11. Bd3 c5 12. d5 e5 13. dxe6 Bxe6 14. Nf4 Bd7 15. Re1
Nc6 16. Nd5 Rc8 17. Bd2 b6 18. Qc2 Nfe5 19. Nxe5 Nxe5 20. Bc3 Re8 21. Re2 Qh4
22. Rae1 Nc6 23. g3 Qxh3 24. Bxg7 Kxg7 25. Qc3+ Nd4 26. Nf4 Qh6 27. Rxe8 Bxe8
28. Ne6+ Kg8 29. Nxd4 cxd4 30. Qxd4 Bc6 31. Qh4 Qxh4 32. gxh4 Rd8 33. Re6 Ba4
34. Be2 Kf7 35. Re3 Rd2 36. Bf3 Rxb2 37. Bd5+ Kf8 38. Ra3 Rb4 39. h5 a5 40. h6
Be8 41. Rd3 b5 42. cxb5 Bxb5 43. Rc3 Rg4+ 44. Kh2 Bd7 45. f3 Rh4+ 46. Kg3 g5 47.
Rc7 Ke8 48. Bc6 Bxc6 49. Rxc6 Kf7 50. Rc7+ Kg6 51. Rc6+ Kh5 52. Rf6 Ra4 53. Rxf5
Kxh6 54. Rc5 Rxa2 55. f4 gxf4+ 56. Kxf4 a4 57. Kg4 Rg2+ 58. Kh4 a3 59. Ra5 a2 0-1

[Event "39th TCh-GRE"]
[Site "Eretria GRE"]
[Date "2011.07.03"]
[Round "1.2"]
[White "Botsari, Anna-Maria"]
[Black "Genova, Lyubka"]
[Result "1-0"]
[WhiteTitle "WGM"]
[BlackTitle "WIM"]
[WhiteElo "2326"]
[BlackElo "2270"]
[WhiteTeam "CC Kavala"]
[BlackTeam "Culture Club Florinas"]
[WhiteFideId "4200446"]
[BlackFideId "2905612"]
[EventDate "2011.07.03"]

1. d4 g6 2. c4 Bg7 3. e4 d6 4. Nc3 Nf6 5. f3 O-O 6. Bg5 a6 7. a4 a5 8. Nge2 Na6
9. Qd2 Be6 10. Ng3 Nb4 11. Be2 c6 12. O-O d5 13. cxd5 cxd5 14. e5 Ne8 15. Be3 f6
16. f4 f5 17. Rfc1 Nc7 18. Nf1 Bd7 19. Bf2 Bh6 20. h4 Ne6 21. g3 Bc6 22. Nh2 Bg7
23. Nf3 h5 24. Na2 Nxa2 25. Rxa2 Qb6 26. Ra3 Rfe8 27. Bd1 Bf8 28. Rb3 Qd8 29.
Rbc3 Nc7 30. e6 Nxe6 31. Ne5 Kh7 32. Nxc6 bxc6 33. Rxc6 Ng7 34. Qe2 e6 35. Qe5
Be7 36. Be2 Bf6 37. Qe3 Re7 38. Bb5 Rea7 39. Kg2 Be7 40. Qe5 Bf6 41. Qe2 Qe7 42.
R1c5 Rd8 43. Qe1 Rda8 44. Qe3 Rd8 45. Be1 Qf7 46. Rc2 Qe7 47. Bc3 Rda8 48. Qe1
Qf7 49. Kf3 Kh6 50. Qe3 Qe7 51. Qe1 Qf7 52. Re2 Kh7 53. Qd2 Qe7 54. b4 Bxh4 55.
bxa5 g5 56. gxh4 g4+ 57. Kg3 1-0

[Event "39th TCh-GRE"]
[Site "Eretria GRE"]
[Date "2011.07.03"]
[Round "1.2"]
[White "Serefidou, Despina"]
[Black "Peskelidou, Emanouela"]
[Result "0-1"]
[WhiteElo "1705"]
[BlackElo "1634"]
[WhiteTeam "CC Kavala"]
[BlackTeam "Culture Club Florinas"]
[WhiteFideId "4218787"]
[BlackFideId "4218701"]
[EventDate "2011.07.03"]

1. e4 e5 2. Nf3 Nc6 3. d4 exd4 4. Nxd4 Nf6 5. Nxc6 bxc6 6. e5 Qe7 7. Qe2 Nd5 8.
c4 Nb6 9. Nc3 Bb7 10. Bd2 O-O-O 11. O-O-O g6 12. f4 Bg7 13. Qf2 f6 14. exf6 Qxf6
15. Be3 Rhf8 16. Ne4 Qe7 17. Bd3 Nxc4 18. Bxc4 Qxe4 19. b3 a6 20. Rhe1 Qf5 21.
g3 Rfe8 22. Qf1 Qa5 23. Kb1 Qc3 24. Rd3 Qe5 0-1

[Event "39th TCh-GRE"]
[Site "Eretria GRE"]
[Date "2011.07.03"]
[Round "1.2"]
[White "Vasiliadis, Anastasios"]
[Black "Pavlidis, Antonios"]
[Result "0-1"]
[BlackTitle "IM"]
[WhiteElo "1891"]
[BlackElo "2420"]
[WhiteTeam "Culture Club Florinas"]
[BlackTeam "CC Kavala"]
[WhiteFideId "4251083"]
[BlackFideId "4212312"]
[EventDate "2011.07.03"]

1. d4 Nf6 2. c4 g6 3. Nc3 Bg7 4. e4 d6 5. f4 O-O 6. Nf3 c5 7. d5 e6 8. Be2 exd5
9. cxd5 a6 10. a4 Bg4 11. O-O Nbd7 12. Re1 Re8 13. h3 Bxf3 14. Bxf3 Qa5 15. Be3
Nb6 16. Bf2 Nfd7 17. Qc2 c4 18. Kh1 Nc5 19. Bxc5 Qxc5 20. a5 Nd7 21. Qa4 b5 22.
axb6 Nxb6 23. Qa3 Nd7 24. Qa4 Nb6 25. Qa3 Nd7 26. Qa4 Red8 27. Re2 a5 28. Qc6
Rac8 29. Qb5 Rb8 30. Qxc5 Nxc5 31. Rxa5 Nd3 32. Nd1 Nxf4 33. Rc2 Rb4 34. Ne3 Rc8
35. Ra6 c3 36. bxc3 Rb1+ 37. Kh2 h5 38. g3 Nd3 39. Bg2 Ne1 40. Re2 Rxc3 41. Rxd6
h4 42. Rd8+ Kh7 43. gxh4 Be5+ 44. Kh1 Rxe3 45. Rxe3 Nc2+ 0-1

[Event "39th TCh-GRE"]
[Site "Eretria GRE"]
[Date "2011.07.03"]
[Round "1.3"]
[White "Kryvoruchko, Yuriy"]
[Black "Naiditsch, Arkadij"]
[Result "1-0"]
[WhiteTitle "GM"]
[BlackTitle "GM"]
[WhiteElo "2652"]
[BlackElo "2706"]
[WhiteTeam "Chania Chess Academy"]
[BlackTeam "SK. AK. Chalkidos Palamidis The Evvoefs"]
[WhiteFideId "14109182"]
[BlackFideId "4650891"]
[EventDate "2011.07.03"]

1. e4 e5 2. Nf3 Nc6 3. Bb5 Nf6 4. d3 Bc5 5. c3 O-O 6. O-O d6 7. Nbd2 Bb6 8. Ba4
Ne7 9. h3 c6 10. Bc2 Ng6 11. d4 Re8 12. Re1 h6 13. Nf1 Nh5 14. Ne3 Nhf4 15. Nf5
Qf6 16. Be3 Bc7 17. h4 Be6 18. g3 Nd5 19. Bd2 Nb6 20. h5 Nf8 21. Nh2 Bxf5 22.
exf5 Qd8 23. Ng4 Nh7 24. Bb3 e4 25. Nxh6+ gxh6 26. Qg4+ Kh8 27. Bxf7 Re7 28. Bg6
Qf8 29. Bxh7 Rxh7 30. Rxe4 Nc4 31. Bf4 Qf7 32. Re6 Rf8 33. Rg6 Qd5 34. Bxh6 Rxf5
35. Re1 Qf7 36. Qxf5 1-0

[Event "39th TCh-GRE"]
[Site "Eretria GRE"]
[Date "2011.07.03"]
[Round "1.3"]
[White "Nikolaidis, Konstantinos"]
[Black "Kalaitzoglou, Panayotis"]
[Result "1/2-1/2"]
[WhiteTitle "FM"]
[WhiteElo "2274"]
[BlackElo "2197"]
[WhiteTeam "SK. AK. Chalkidos Palamidis The Evvoefs"]
[BlackTeam "Chania Chess Academy"]
[WhiteFideId "4200578"]
[BlackFideId "4202422"]
[EventDate "2011.07.03"]

1. e4 e5 2. Nf3 Nc6 3. Bc4 Bc5 4. c3 Nf6 5. d4 exd4 6. cxd4 Bb4+ 7. Bd2 Bxd2+ 8.
Nbxd2 d5 9. exd5 Nxd5 10. O-O O-O 11. Rc1 Bg4 12. h3 Bh5 13. Bxd5 Qxd5 14. Qa4
Qd6 15. Qb5 Bxf3 16. Nxf3 Rab8 17. Rfd1 Rfd8 18. a3 h6 19. Qc4 Qd5 20. Qa4 Rd6
21. Rc5 Qe4 22. Qb3 b6 23. Rcc1 Rbd8 24. Qe3 Qd5 25. Re1 Rg6 26. Qe4 Qd7 27. Ne5
Nxe5 28. dxe5 c5 29. b4 cxb4 30. axb4 a5 31. bxa5 bxa5 32. Ra1 Qd5 33. Ra4 Re6
34. Qxd5 Rxd5 35. f4 g5 1/2-1/2

[Event "39th TCh-GRE"]
[Site "Eretria GRE"]
[Date "2011.07.03"]
[Round "1.3"]
[White "Naoum, Spyridon"]
[Black "Kourousis, Epaminondas"]
[Result "0-1"]
[WhiteElo "1999"]
[BlackElo "2273"]
[WhiteTeam "Chania Chess Academy"]
[BlackTeam "SK. AK. Chalkidos Palamidis The Evvoefs"]
[WhiteFideId "4227506"]
[BlackFideId "4211626"]
[EventDate "2011.07.03"]

1. d4 Nf6 2. c4 e6 3. Nc3 Bb4 4. g3 O-O 5. Bg2 d5 6. Nf3 dxc4 7. O-O Nd5 8. Qc2
Nc6 9. e4 Nb6 10. Be3 Qe7 11. Ne2 e5 12. d5 Nb8 13. Nd2 Bxd2 14. Qxd2 Bg4 15. f3
Bh5 16. g4 Bg6 17. h4 h6 18. h5 Bh7 19. Ng3 c6 20. d6 Qe6 21. Rad1 Rd8 22. Bh3
c3 23. Qg2 c2 24. Rd3 Qc4 25. Rc3 Qxa2 26. Rxc2 Rxd6 27. g5 hxg5 28. Bxg5 f6 29.
Bh6 Qf7 30. Be3 Na6 31. Bf5 Rd3 32. Qh3 Re8 33. Bc1 Nc7 34. Rg2 Ne6 35. Bxe6
Qxe6 36. Nf5 Bxf5 37. exf5 Qd7 38. h6 g5 39. Qh5 Qf7 40. Qh2 Kh7 41. f4 exf4 42.
Bxf4 Nd5 43. Bxg5 fxg5 44. Rxg5 Rg8 45. Rg7+ Rxg7+ 46. hxg7+ Kxg7 47. f6+ Nxf6
48. Rf2 Rd1+ 0-1

[Event "39th TCh-GRE"]
[Site "Eretria GRE"]
[Date "2011.07.03"]
[Round "1.3"]
[White "Tsarouha, Marianthi"]
[Black "Kouroumba, Maria"]
[Result "1-0"]
[WhiteElo "1799"]
[BlackElo "1454"]
[WhiteTeam "Chania Chess Academy"]
[BlackTeam "SK. AK. Chalkidos Palamidis The Evvoefs"]
[WhiteFideId "4223322"]
[BlackFideId "4263383"]
[EventDate "2011.07.03"]

1. d4 d5 2. c4 e6 3. Nc3 Nf6 4. cxd5 exd5 5. Bg5 Nbd7 6. e3 Be7 7. Nf3 O-O 8.
Bd3 b6 9. Qc2 g6 10. O-O Re8 11. Rac1 Bb7 12. Bb5 c6 13. Bd3 Nh5 14. Bxe7 Qxe7
15. Rfe1 c5 16. Bb5 Red8 17. e4 dxe4 18. Nxe4 Bxe4 19. Rxe4 Qd6 20. Bxd7 Rxd7
21. dxc5 bxc5 22. Qxc5 Nf6 23. Qxd6 Rxd6 24. Re7 Rb8 25. Rxa7 Rxb2 26. h3 Ne4
27. Rc8+ Kg7 28. Rcc7 Rf6 29. a4 Rxf2 30. Re7 Re2 31. Ng5 Nc3 32. Rxf7+ Rxf7 33.
Nxf7 Kf6 34. Nd6 Re6 35. Nb5 Nxb5 36. axb5 Re7 37. Rxe7 Kxe7 38. Kf2 Kd6 39. Ke3
Kc5 40. Kf4 h6 41. Ke5 Kxb5 42. Kf6 Kc5 43. Kxg6 Kd5 44. Kxh6 Ke5 45. g4 Kf4 46.
g5 Kf5 47. g6 Kf6 48. g7 Kf7 49. Kh7 1-0

[Event "39th TCh-GRE"]
[Site "Eretria GRE"]
[Date "2011.07.03"]
[Round "1.3"]
[White "Papadogiannis, Sevastianos"]
[Black "Tsounis, Serafim"]
[Result "1-0"]
[WhiteElo "1995"]
[BlackElo "1806"]
[WhiteTeam "Chania Chess Academy"]
[BlackTeam "SK. AK. Chalkidos Palamidis The Evvoefs"]
[WhiteFideId "4239369"]
[BlackFideId "4238346"]
[EventDate "2011.07.03"]

1. e4 c5 2. Nf3 g6 3. d4 cxd4 4. Qxd4 Nf6 5. e5 Nc6 6. Qa4 Nd5 7. Qe4 Ndb4 8.
Na3 Bg7 9. c3 Na6 10. Bf4 Nc5 11. Qe3 Ne6 12. Bh6 Qc7 13. Nb5 Qb8 14. Bxg7 Nxg7
15. Bd3 a6 16. Nbd4 Qc7 17. O-O Ne6 18. Rfe1 b6 19. Nxe6 dxe6 20. Qf4 Bb7 21.
Rad1 Rf8 22. Be4 Rd8 23. Ng5 Rxd1 24. Rxd1 h6 25. Nxe6 1-0

[Event "39th TCh-GRE"]
[Site "Eretria GRE"]
[Date "2011.07.03"]
[Round "1.4"]
[White "Bartel, Mateusz"]
[Black "Nikolaidis, Ioannis"]
[Result "1-0"]
[WhiteTitle "GM"]
[BlackTitle "GM"]
[WhiteElo "2611"]
[BlackElo "2545"]
[WhiteTeam "Chess Academy of Gazi 2099"]
[BlackTeam "AO Kydon Chania"]
[WhiteFideId "1112635"]
[BlackFideId "4202139"]
[EventDate "2011.07.03"]

1. d4 Nf6 2. c4 d6 3. Nc3 Nbd7 4. e4 e5 5. Nge2 c6 6. f3 a6 7. Be3 Be7 8. d5
cxd5 9. cxd5 Nh5 10. Qd2 g6 11. O-O-O b5 12. Ng3 Ndf6 13. Kb1 Bd7 14. Nce2 a5
15. Nxh5 Nxh5 16. g4 Ng7 17. h4 h5 18. g5 O-O 19. f4 Bg4 20. fxe5 Bf3 21. Rh3
Bxe4+ 22. Ka1 Bf5 23. Rh1 Bg4 24. Bh3 Bxh3 25. Rxh3 Qd7 26. exd6 Bxd6 27. Rhh1
Nf5 28. Bf4 Rfe8 29. Bxd6 Qxd6 30. Nc3 b4 31. Nb5 Qd7 32. Nd4 Ne3 33. Nc6 Nxd1
34. Rxd1 Re4 35. Qd3 Rae8 36. Nxa5 R8e5 37. d6 Re3 38. Qd2 R3e4 39. Nc6 Re6 40.
Kb1 Re8 41. Nxb4 Re2 42. Qc3 R8e3 43. Qc1 Re5 44. a3 Kh7 45. Ka1 Rf5 46. Qc6 Qe6
47. Qc3 Qd7 48. Qd4 Re6 49. Na6 Qd8 50. Nc7 Ree5 51. d7 Re7 52. Qd6 Re2 53. Nd5
Re6 54. Qb4 Rfe5 55. Nf6+ Kg7 56. Qc3 Kf8 57. Qb4+ Kg7 58. Ka2 Rc6 59. Qd4 Rce6
60. Rc1 1-0

[Event "39th TCh-GRE"]
[Site "Eretria GRE"]
[Date "2011.07.03"]
[Round "1.4"]
[White "Pavlidis, Anastasios"]
[Black "Emmanouilidis, Kostas"]
[Result "1-0"]
[WhiteTitle "FM"]
[WhiteElo "2323"]
[BlackElo "1985"]
[WhiteTeam "AO Kydon Chania"]
[BlackTeam "Chess Academy of Gazi 2099"]
[WhiteFideId "4208404"]
[BlackFideId "4260260"]
[EventDate "2011.07.03"]

1. d4 e6 2. c4 Nf6 3. Nf3 Bb4+ 4. Nbd2 O-O 5. a3 Be7 6. e4 d5 7. e5 Nfd7 8. b4
a5 9. b5 c5 10. cxd5 exd5 11. Bd3 cxd4 12. Nb3 a4 13. Nbxd4 Nc5 14. Bc2 Bg4 15.
O-O Nbd7 16. Re1 Nb6 17. h3 Be6 18. Bd2 g6 19. Bb4 Ncd7 20. Qd2 Re8 21. Qh6 Bf8
22. Bxf8 Nxf8 23. Ng5 Rc8 24. Ndxe6 Rxe6 25. Nxe6 Nxe6 26. Bd3 Nd7 27. Qd2 Ndc5
28. Rad1 b6 29. Bc2 d4 30. f4 d3 31. Bxd3 Qd4+ 32. Qf2 Qxf2+ 33. Kxf2 Nxd3+ 34.
Rxd3 Rc2+ 35. Kf3 Rb2 36. g4 Rxb5 37. f5 Nc5 38. Rd8+ Kg7 39. e6 Rb3+ 40. Kg2
Rb2+ 41. Kg1 1-0